000 00505nam a2200169Ia 4500
008 110201s9999 xx 000 0 und d
082 _bB7904
_aK 2354
100 _aपेठे मेघना
245 _aनातीचरामी
260 _bराजहंस प्रकाशन
365 _b200
600 _aपेठे मेघना
630 _aनातीचरामी
700 _aपेठे मेघना
730 _aनातीचरामी
942 _cBOOK
999 _c833406
_d833403